[Event "Kort Påske 1"]
[Site "?"]
[Date "2018.03.24"]
[Round "1.17"]
[White "Skafte Jespersen (1205), Andreas"]
[Black "Henriksen (1380), Ole"]
[Result "1-0"]
[BlackElo "1380"]
[WhiteElo "1205"]
[LiveChessVersion "1.4.8"]

1. e4 {[%clk 1:29:43]} e5 {[%clk 1:30:35]} 2. Nf3 {[%clk 1:30:07]} Nc6
{[%clk 1:30:48]} 3. Bb5 {[%clk 1:30:27]} d6 {[%clk 1:31:05]} 4. d4
{[%clk 1:30:17]} exd4 {[%clk 1:27:29]} 5. Nxd4 {[%clk 1:30:26]} Bd7
{[%clk 1:27:35]} 6. Bxc6 {[%clk 1:29:33]} bxc6 {[%clk 1:27:34]} 7. Nc3
{[%clk 1:29:48]} Nf6 {[%clk 1:25:24]} 8. O-O {[%clk 1:28:56]} Be7
{[%clk 1:25:34]} 9. Re1 {[%clk 1:29:16]} O-O {[%clk 1:25:20]} 10. b3
{[%clk 1:27:34]} a6 {[%clk 1:24:21]} 11. Bb2 {[%clk 1:26:55]} c5 {[%clk 1:20:00]}
12. Nf3 {[%clk 1:26:14]} Bg4 {[%clk 1:19:13]} 13. h3 {[%clk 1:26:07]} Bh5
{[%clk 1:17:35]} 14. Re3 {[%clk 1:25:16]} Nd7 {[%clk 1:13:07]} 15. Qe1
{[%clk 1:21:14]} Bxf3 {[%clk 1:07:28]} 16. Rxf3 {[%clk 1:21:19]} Ne5
{[%clk 1:07:42]} 17. Re3 {[%clk 1:19:46]} Bg5 {[%clk 1:04:41]} 18. Re2
{[%clk 1:20:09]} c6 {[%clk 1:02:33]} 19. Rd1 {[%clk 1:18:27]} Qc7
{[%clk 1:01:56]} 20. Na4 {[%clk 1:16:47]} Rfd8 {[%clk 0:59:10]} 21. c4
{[%clk 1:14:48]} f6 {[%clk 0:44:18]} 22. Qc3 {[%clk 1:10:49]} h5 {[%clk 0:38:55]}
23. Qg3 {[%clk 1:08:21]} h4 {[%clk 0:38:21]} 24. Qc3 {[%clk 1:08:12]} Bh6
{[%clk 0:31:58]} 25. Qc2 {[%clk 1:04:34]} Rd7 {[%clk 0:27:46]} 26. Ree1
{[%clk 1:03:05]} Rad8 {[%clk 0:27:41]} 27. Nc3 {[%clk 1:03:11]} g6
{[%clk 0:25:12]} 28. Ne2 {[%clk 1:00:17]} g5 {[%clk 0:21:38]} 29. Rf1
{[%clk 0:57:34]} g4 {[%clk 0:19:17]} 30. Bxe5 {[%clk 0:55:59]} fxe5
{[%clk 0:19:21]} 31. hxg4 {[%clk 0:56:02]} Rf7 {[%clk 0:16:10]} 32. Rd3
{[%clk 0:53:53]} Rdf8 {[%clk 0:15:28]} 33. f3 {[%clk 0:52:33]} Qe7
{[%clk 0:14:36]} 34. Nc3 {[%clk 0:47:58]} Bf4 {[%clk 0:13:45]} 35. Nd1
{[%clk 0:47:44]} Rh7 {[%clk 0:13:04]} 36. Ne3 {[%clk 0:45:48]} Bxe3+
{[%clk 0:12:21]} 37. Rxe3 {[%clk 0:46:07]} Rf4 {[%clk 0:12:11]} 38. Rd3
{[%clk 0:45:22]} Qe6 {[%clk 0:10:17]} 39. Rfd1 {[%clk 0:44:59]} Rd7
{[%clk 0:10:25]} 40. Qd2 {[%clk 0:44:23]} Rf6 {[%clk 0:09:20]} 41. Qg5+
{[%clk 0:44:45]} Kf7 {[%clk 0:06:23]} 42. Qxh4 {[%clk 0:44:59]} Rh6
{[%clk 0:05:47]} 43. Qg3 {[%clk 0:44:48]} Qe7 {[%clk 0:05:17]} 44. Kf2
{[%clk 0:43:57]} Kg7 {[%clk 0:05:01]} 45. Ke2 {[%clk 0:42:53]} Qg5
{[%clk 0:04:53]} 46. Qf2 {[%clk 0:40:24]} Qd8 {[%clk 0:03:32]} 47. Qxc5
{[%clk 0:39:38]} d5 {[%clk 0:01:57]} 48. cxd5 {[%clk 0:38:46]} cxd5
{[%clk 0:01:07]} 49. Rxd5 {[%clk 0:39:01]} 1-0